Score 0/30 Timer 03:00
0 Plays Today
Hint 4-Letter Word % Correct
Body part containing the brainHEAD
96.2%
To use ones earsHEAR
96%
Valuable metalGOLD
90.7%
Cargo space in the hull of a vesselHOLD
86.5%
Grasped an objectHELD
84.7%
A storyTALE
83.6%
Game: 'Truth or ___'DARE
83.1%
To write via keyboardTYPE
82.3%
Absence of light☠DARK☠
81.4%
Concern or dread☠FEAR☠
81%
1982 Billboard hit: 'More ___ This'THAN
80.8%
A piece of an adhesive stripTAPE
80.5%
A small conversationCHAT
79.7%
The assembled actors in a movieCAST
79.2%
Rock Hudson movie: 'All ___ Heaven Allows'THAT
78.8%
Hint 4-Letter Word % Correct
The price of an objectCOST
77.5%
Outdoor garmentCOAT
76.3%
A piece of a mosaicTILE
74.2%
At the specified timeTHEN
74.1%
To have thought or regard for someoneCARE
70.8%
'You' to William Shakespeare☠THEE☠
66.7%
A small containerCASE
66.4%
Short, repeated guitar tuneRIFF
64.3%
Make someone get emotional, with upRILE
61.3%
A large salmonTYEE
56.6%
Abundant or numerousRIFE
55.4%
'G' in the NATO phonetic alphabetGOLF
55.2%
Chasm or abyssGULF
47.8%
A collar of lace worn in the 16th/17th century☠RUFF☠
45.2%
Foolish talkGUFF
41.5%

Today's Daily Dose

Come Together.
Have Fun.
All Virtual.
We all need to come together. Play Sporcle's virtual live trivia to have fun, connect with people, and get your trivia on. Join a live hosted trivia game for your favorite pub trivia experience done virtually. If a virtual private party is more your thing, go here for details.

You're not logged in!

Compare scores with friends on all Sporcle quizzes.
OR
Log In

Sporcle TV

Today on Sporcle TV


Watch our educational content, quiz creation guides, and fun videos on Sporcle TV.

Show Comments

Extras

Top Quizzes Today


Score Distribution

Paid Content

Your Account Isn't Verified!

In order to create a playlist on Sporcle, you need to verify the email address you used during registration. Go to your Sporcle Settings to finish the process.

Report this User

Report this user for behavior that violates our Community Guidelines.

Details: